| 000 | 00443nam a2200157 4500 | ||
|---|---|---|---|
| 001 | 45005 | ||
| 090 | _a45005 | ||
| 100 | _a20251022 pory50 | ||
| 101 |
_apor _aing |
||
| 102 | _aPT | ||
| 200 |
_aUm casal surreal _frealiz. Tom Cairns _garg. Wallace Shawn _gact.s: Julianne Moore , Matthew Broderick |
||
| 210 |
_a[S.l.] _cdist. Valentim de Carvalho Multimédia _d2008 |
||
| 215 | _a1 DVD | ||
| 675 | _a82-341 | ||
| 801 |
_aPT _gRPC |
||
| 990 | _cFILMES DVD | ||